Fatal detraction (Record no. 117440)
[ view plain ]
| 000 -LEADER | |
|---|---|
| fixed length control field | 02030cam a2200289 4500 |
| 001 - CONTROL NUMBER | |
| control field | ABS67850 |
| 008 - FIXED-LENGTH DATA ELEMENTS--GENERAL INFORMATION | |
| fixed length control field | 040602n2004 000 0 eng u |
| 035 ## - SYSTEM CONTROL NUMBER | |
| System control number | (Sirsi) u126369 |
| 100 ## - MAIN ENTRY--PERSONAL NAME | |
| Personal name | Murdoch, S. |
| 245 ## - TITLE STATEMENT | |
| Title | Fatal detraction |
| 260 ## - PUBLICATION, DISTRIBUTION, ETC. | |
| Date of publication, distribution, etc. | 2004 |
| 490 ## - SERIES STATEMENT | |
| Series statement | Estates Gazette |
| Volume/sequential designation | (0420) 15 May 2004, 165(1) |
| 520 ## - SUMMARY, ETC. | |
| Summary, etc. | Discusses the issue of positive and negative counternotices served by tenants following Landlord and Tenant Act 1954 s25 notices served by landlords when determining business tenancies. In "Shaws (EAL) Ltd v Walbert Pennycook" ([2002] EWHC 2769 (Ch), Abs66721), it was resolved that positive counternotices cannot be withdrawn. The tenant (P) claimed that the deprivation of his rights to apply for a new tenancy had breached the Convention for the Protection of Human and Rights and Fundamental Freedoms Arts 1 and 6. The court ruled that statutory rights of renewal do fall within Art 1 of the Convention, but the statutory counternotices scheme does not violate it and although the right to apply for a new tenancy is clearly a civil right, Art 6 of the Convention does not guarantee the content of the right but the process of protecting of the right. Although the judgment was overturned by CA ([2004] EWCA (Civ) 100, Abs67528) the human rights dimension of the case may be of enduring interest, given that tenants' counternotice requirements were abolished by the reforms to the Act from 1 June 2004. |
| 590 ## - LOCAL NOTE (RLIN) | |
| Local note | ABS |
| 590 ## - LOCAL NOTE (RLIN) | |
| Local note | ABS |
| 650 ## - SUBJECT ADDED ENTRY--TOPICAL TERM | |
| Topical term or geographic name entry element | RE 14 GRAFTON STREET |
| 650 ## - SUBJECT ADDED ENTRY--TOPICAL TERM | |
| Topical term or geographic name entry element | BRIDGERS V STANFORD |
| 650 ## - SUBJECT ADDED ENTRY--TOPICAL TERM | |
| Topical term or geographic name entry element | BAGLARBASI AND ANOTHER V DEEDMETHOD LTD |
| 650 ## - SUBJECT ADDED ENTRY--TOPICAL TERM | |
| Topical term or geographic name entry element | HUMAN RIGHTS ACT 1998 S3 |
| 650 ## - SUBJECT ADDED ENTRY--TOPICAL TERM | |
| Topical term or geographic name entry element | LANDLORD AND TENANT ACT 1954 S25 |
| 650 ## - SUBJECT ADDED ENTRY--TOPICAL TERM | |
| Topical term or geographic name entry element | CONVENTION FOR THE PROTECTION OF HUMAN RIGHTS AND FUNDAMENTAL FREEDOMS ART 1 |
| 650 ## - SUBJECT ADDED ENTRY--TOPICAL TERM | |
| Topical term or geographic name entry element | CONVENTION FOR THE PROTECTION OF HUMAN RIGHTS AND FUNDAMENTAL FREEDOMS ART 6 |
| 650 ## - SUBJECT ADDED ENTRY--TOPICAL TERM | |
| Topical term or geographic name entry element | SHAWS (EAL) LTD V PENNYCOOK |
| 650 ## - SUBJECT ADDED ENTRY--TOPICAL TERM | |
| Topical term or geographic name entry element | COUNTERNOTICES |
| 690 ## - LOCAL SUBJECT ADDED ENTRY--TOPICAL TERM (OCLC, RLIN) | |
| Topical term or geographic name as entry element | LANDLORD AND TENANT-BUSINESS TENANCIES-CASE LAW |
| 942 ## - ADDED ENTRY ELEMENTS (KOHA) | |
| Suppress in OPAC | 0 |
| Withdrawn status | Lost status | Source of classification or shelving scheme | Damaged status | Not for loan | Home library | Current library | Shelving location | Date acquired | Total Checkouts | Full call number | Barcode | Date last seen | Copy number | Price effective from | Koha item type |
|---|---|---|---|---|---|---|---|---|---|---|---|---|---|---|---|
| Dewey Decimal Classification | London | London | Journal article | 02/06/2004 | ABS67850 | 126369-1001 | 06/08/2019 | 1 | 06/08/2019 | Journal article |